[Event "FRA-ch"]
[Site "Chartres"]
[Date "2005.08.20"]
[Round "6"]
[White "Kosten, Anthony C"]
[Black "Lautier, Joel"]
[Result "0-1"]
[WhiteElo "2522"]
[BlackElo "2672"]
[Annotator "Ribli,Z"]
[PlyCount "76"]
[EventDate "2005.08.15"]
[EventType "tourn"]
[EventRounds "11"]
[EventCountry "FRA"]
[EventCategory "13"]
[SourceTitle "CBM 109"]
[Source "ChessBase"]
[SourceDate "2005.11.14"]
[SourceVersion "1"]
[SourceVersionDate "2005.11.14"]
[SourceQuality "1"]

1. c4 e6 2. Nf3 d5 3. g3 dxc4 {Diese Variante und 3...Nf6 4.Bg2 dxc4 führen
gewöhnlich zu ausgeglichenen Chancen, aber die Textfortsetzung scheint mir
präziser zu sein, da Weiß nach 3...Nf6 mit 4.d4 die Katalanische Verteidigung
wählen kann.} 4. Qa4+ Nd7 5. Bg2 a6 6. Qxc4 b5 7. Qc2 Bb7 8. O-O c5 9. b3 Ngf6
10. Bb2 Be7 11. d3 O-O {Schwarz hat eine bequeme, ausgeglichene Stellung. Weiß
hat zwei Läufer auf den beiden großen Diagonalen, aber Schwarz kontrolliert
die wichtigste Zentrumsfelder.} 12. Nbd2 Nd5 13. a3 (13. Ne5 Nxe5 14. Bxe5 Nb4
15. Qb2 Bxg2 16. Kxg2 f6 $15) (13. Rac1 a5 $1 14. a4 Nb4 15. Qb1 bxa4 16. bxa4
Nb6 17. Qa1 f6 $15 {Und Schwarz hat etwas bessere Aussichten - Kosten,A -
Adams,M FRA ch-T, France 2003.}) 13... Qb8 {Mit diesem Damenzug vermeidet
Schwarz das Springertauschsmanöver mit 14.Ne5 und anschließend kann sein Rf8
nach c8 ziehen.} 14. Rac1 $11 a5 $1 {[%cal Ga5a4] Mit dieser typischen
Fortsetzung (siehe z.B. Kosten,A - Adams,M ) verstärkt Schwarz sein Spiel am
Damenflügel und Weiß muss nun mit a5-a4 rechnen.} 15. d4 (15. e4 N5b6 16. a4)
15... Rc8 (15... cxd4 16. Nxd4 b4 17. a4 Rc8 $11) 16. Qb1 b4 $1 {[%csl Yc3,Yc4]
[%mdl 32] Dieser Textzug verschafft Schwarz Raum am Damenflügel, überlässt
Weiß zwar die Kontrolle über das Feld c4, gewinnt dafür aber die
"Hoheitsrechtsrechte" über das Feld c3.} 17. dxc5 (17. e4 bxa3 18. Bxa3 cxd4
19. Bxe7 Nxe7 20. Nxd4 $11) 17... Nxc5 18. Be5 (18. axb4 axb4 (18... Nxb4))
18... Qa7 (18... Bd6 $11) 19. a4 Bf6 $15 {Mit der Absicht, den
schwarzfeldrigen Läufer von Weiß zu tauschen, provoziert Schwarz die
Schwächung des Feldes c3.} 20. Bxf6 Nxf6 21. Qb2 Nd5 {[%csl Yc3][%cal Gd5c3]}
22. Nb1 Ne4 23. Nd4 Ndc3 (23... Nec3 $15) 24. e3 Nxb1 25. Nb5 {Mit diesem
Zwischenzug verteidigt Weiß das Feld c3.} (25. Rxb1 Nc3 $15) 25... Qb6 26. Rxb1
h6 27. Rbc1 (27. Qd4 $142 $5 Qxd4 28. Nxd4) 27... Rxc1 28. Rxc1 Rd8 {[%csl Gd8]
[%cal Gd8d1] Schwarz hat die Herrschaft über die d-Linie; Weiß muss mit Rd2
oder Nd2 rechnen.} 29. Qe5 Nd2 $17 30. Nd4 Bxg2 31. Kxg2 Qb7+ {[%csl Rg2][%cal
Rb7g2] Der weiße König befindet sich in großer Not.} 32. Kh3 (32. f3 Nxf3 $1
33. Nxf3 Rd2+ $19) 32... Rd5 $19 {[%csl Gb7,Gd2,Gd5][%cal Rd5h5,Rh5h3][%mdl
128]} 33. Rc7 Qa6 {[%cal Ra6f1,Rf1h3]} (33... Qa8 34. Qf4 Rh5+ 35. Kg4 f5+ 36.
Kxh5 Qe8+ 37. Kh4 g5+ $19) 34. Qf4 Qf1+ (34... Rh5+ 35. Kg4 Rg5+ 36. Kh4 Rf5
$19 {[%cal Rg7g5,Rg5h4,Rg5f4]}) 35. Kg4 h5+ 36. Kh4 g5+ 37. Qxg5+ Rxg5 38. Kxg5
Qxf2 0-1

[Event "RUS-ch 53rd"]
[Site "Samara"]
[Date "2000.06.18"]
[Round "2"]
[White "Tolstikh, Nikolay"]
[Black "Ionov, Sergey"]
[Result "1-0"]
[WhiteElo "2419"]
[BlackElo "2558"]
[Annotator "Ribli,Z"]
[PlyCount "79"]
[EventDate "2000.06.03"]
[EventType "swiss"]
[EventRounds "11"]
[EventCountry "RUS"]
[SourceTitle "CBM 078"]
[Source "ChessBase"]
[SourceDate "2000.10.18"]
[SourceVersion "1"]
[SourceVersionDate "2000.10.18"]
[SourceQuality "1"]

1. Nf3 Nf6 2. c4 e6 3. g3 a6 {Eine relativ seltene - früher von Großmeister
Romanishin in die Turnierpraxis eingeführte - Fortsetzung. Schwarz bereitet
mit 4...b5 sofortiges Gegenspiel am Damenflügel vor, während sein
weißfeldriger Läufer nach b7 entwickelt werden kann.} 4. Bg2 (4. Nc3 d5 5. cxd5
exd5 6. d4) 4... b5 {Ein - auf den ersten Blick - sehr wagemutiger Zug, aber
Weiß kann die Diagonale des Bg2 nicht ausnutzen, weil die Züge 5.Nd4 und 5.Ne5
weniger stark sind.} 5. b3 c5 6. Nc3 Qb6 (6... b4 7. Na4 $14 {Weiß hat einen
guten Stützpunkt auf a4 und kann anschließend d2-d4 ziehen.}) 7. O-O Bb7 8. e3
{[%cal Gd1e2,Ge2b5] Dieser Plan richtet sich gegen den Pb5. Denn Weiß bereitet
den Zug 9.Qe2 vor.} Be7 9. Qe2 Ne4 (9... O-O 10. Rd1 $5 (10. cxb5 axb5 (10...
d5 11. Bb2 Nbd7) 11. Qxb5 Qxb5 12. Nxb5 Ba6 13. Nc7 Bxf1 14. Nxa8 Bxg2 15. Kxg2
Nd5 $13) 10... Ne4 11. Nxe4 Bxe4 12. d3 Bf6 13. Bb2 $14) 10. Nxe4 (10. Bb2)
10... Bxe4 11. d3 (11. Bb2 O-O (11... bxc4 12. Qxc4 Qb7 13. Qe2 O-O 14. d3 Bc6
15. e4 d6 16. Nd2 Nd7 17. f4 a5 18. f5 exf5 19. Rxf5 Ne5 20. Nc4 {1/2-1/2
Bischoff,K-Giorgadze,G/Lippstadt 1998/CBM 65 ext (20)}) 12. d3 Bb7 13. d4 d6
14. dxc5 Qxc5 15. Bd4 (15. Rfc1 $14) 15... Qh5 16. cxb5 axb5 17. Rfc1 Nc6 18.
Bb2 Rfb8 19. e4 b4 20. Qe3 Qh6 21. Qxh6 gxh6 22. Nd2 Ne5 {1/2-1/2 Akopian,
V-Chiburdanidze,M/Luzern 1997/CBM 62 (120)}) 11... Bc6 12. Bb2 (12. d4 O-O 13.
Bb2 bxc4 14. bxc4 d6 15. Rfd1 Nd7 16. d5 exd5 17. cxd5 Ba4 18. Rdb1 Qa5 19. Qd2
Qxd2 20. Nxd2 Rfb8 21. Bc3 Bc2 22. Rc1 Bd3 23. a4 Bf6 24. Ra3 Bxc3 25. Raxc3
Rb2 26. Rxd3 Ne5 27. Rcc3 Nxd3 28. Rxd3 {1-0 Sorokin,M-Gaprindashvili,V/
Linares 1999/CBM 68 ext (39)}) 12... O-O 13. Nd2 $5 {Ein logischer Zug - Weiß
möchte die beste schwarze Figur, den Bc6, abtauschen.} (13. Rfd1 d6 14. d4 Nd7
15. e4 Rfe8 16. d5 exd5 17. exd5 (17. cxd5 $13) 17... Bf6 18. Qc2 (18. Qd2 $5
Bb7 19. Bxf6 Nxf6 20. Re1) 18... Bb7 19. Bxf6 Nxf6 20. Re1 Rad8 21. Bh3 Bc8 22.
Rxe8+ {1/2-1/2 Schlosser,P-Aseev,K/Munich 1992/TD (22)}) 13... Bxg2 (13... f5
$5 $11) 14. Kxg2 Qb7+ (14... f5 $5 $11) 15. Kg1 d6 (15... f5 $5 $11) 16. f4 Nd7
17. e4 {Weiß kann nun das eventuelle Bf6 mit dem Zug e4-e5 beantworten.} Rae8
18. Rae1 a5 $6 {Dieser Zug ist eigentlich ein Tempoverlust, denn Schwarz kann
am Damenflügel praktisch nichts erreichen.} (18... d5 $11 {[%cal Gd5d4]}) 19.
Qg4 $14 {[%csl Gb2] Weiß steht aktiver im Zentrum und hat dank seines starkem
Bb2 Initiative am Königsflügel.} g6 (19... Nf6 20. Qh3 (20. Bxf6 Bxf6 21. e5
$14) 20... d5 21. f5 $36 (21. e5 $36)) 20. Qh3 {[%cal Gf4f5]} f5 {Auf diese
Weise verhindert Schwarz den Zug f4-f5, schwächt aber auch seinen Königsflügel.
} 21. g4 $6 $13 {In unserer Partie war Weiß mit diesem Zug erfolgreich, aber
Schwarz wählte in der Tat auch nicht die beste Fortsetzung.} (21. cxb5 $5 Qxb5
22. Nc4 d5 23. exd5 exd5 24. Qg2 $14 dxc4 $6 25. dxc4 Qb6 26. Qd5+ $16 {
[%cal Rd5d7,Rd5g8]}) 21... fxg4 $2 {[%mdl 16384] Besser wäre es, den Pf5 zu
halten, um z.B. das spätere Ne4 zu verhindern.} (21... Bf6 22. e5 (22. Bxf6
fxg4 23. Qxg4 Nxf6 $13) 22... Bg7 $13) 22. Qxg4 Bf6 23. e5 {Dieser Zug kommt
mit Tempo, und nun kann Weiß Ne4 spielen.} dxe5 (23... Bg7 24. Ne4 $16 {
[%cal Re4d6,Rd6e8,Rd6b7]}) 24. fxe5 Bg7 25. Rxf8+ Nxf8 (25... Kxf8 $2 26. Ne4
Nxe5 27. Qf4+ Nf7 28. Nd6 $18) 26. Ne4 $16 {[%csl Yd6,Ge4,Yf6][%cal Ge4f6,
Re4d6,Rd6e8,Rd6b7] Nach einer forcierten Zugfolge haben wir eine Stellung vor
uns, in der Weiß dank seines Ne4 und des starken Pe5 klaren positionellen
Vorteil besitzt. Die schwarze Stellung ist passiv.} bxc4 27. dxc4 (27. Nd6 $6 {
[%cal Rd6b7,Rd6e8]} Qb4 28. Rf1 Rd8 $15) 27... Rd8 28. Rf1 {Weiß hat besonders
starkes Figurenspiel, während gerade die Punkte d6 und f6 in der schwarzen
Stellung sehr schwach sind.} a4 29. Qf3 {[%cal Re4f6,Rf6g8,Rf3b7] Droht 30.
Nf6+ mit Damengewinn.} Kh8 (29... Qc7 30. bxa4 $16) 30. Nxc5 {Weiß hat einen
gesunden Mehrbauern, bei gutem Spiel sollte er diesen Vorteil verwerten können.
} Qb6 31. Qf2 {Weiß hat in der Tat nicht nur einen Bauern mehr, sondern auch
das viel aktivere Figurenspiel.} axb3 32. axb3 Qb4 33. Bd4 g5 $6 {Dieser Zug
bedeutet eine weitere Schwächung der Stellung, aber Schwarz vollte nicht nur
abwarten.} (33... Ra8 34. Ra1 Rxa1+ 35. Bxa1 $16) 34. Ne4 (34. Qe3 $16) 34...
Qxb3 35. Nxg5 {[%cal Rg5f7,Rf7d8,Rf7h8][%mdl 2048] Weiß hat gefährlichen
Angriff am Königsflügel, er muss sich daher nicht um die Bauern am Damenflügel
kümmern.} Rc8 36. Nf7+ Kg8 37. Nd6 {[%csl Gd6]} Rc7 38. Qg2 {[%cal Gg2a8,Ga8g8]
} Qd3 $2 (38... Qb8 $16) (38... Qa4 $16) 39. Rxf8+ $1 {Dieses Opfer gewinnt
sofort.} Kxf8 40. Qa8+ (40. Qa8+ Ke7 41. Qe8#) 1-0

[Event "Hoogovens-B"]
[Site "Wijk aan Zee"]
[Date "1991.01.??"]
[Round "8"]
[White "Bosboom, Manuel"]
[Black "Kuijf, Marinus"]
[Result "0-1"]
[WhiteElo "2480"]
[BlackElo "2440"]
[Annotator "Ribli,Z"]
[PlyCount "124"]
[EventDate "1991.01.??"]
[EventType "tourn"]
[EventRounds "11"]
[EventCountry "NED"]
[EventCategory "9"]
[SourceTitle "CBM 022"]
[Source "ChessBase"]
[SourceDate "1991.06.01"]
[SourceVersion "1"]
[SourceVersionDate "1991.06.01"]
[SourceQuality "1"]

1. c4 e6 2. Nf3 d5 3. g3 dxc4 4. Bg2 Nd7 5. Qa4 a6 6. Qxc4 b5 7. Qc2 Bb7 8. O-O
Ngf6 9. b3 Be7 10. Bb2 c5 11. d3 O-O 12. Nbd2 Qb6 (12... Rc8 13. Rac1 Nd5 14.
Qb1 Bf6 $10 {Tibensky,R-Blatny,P Stary Smokovec 1990 CBM/21}) 13. Rac1 Rac8 14.
Qb1 Rfd8 15. Qa1 Bf8 16. Rc2 Nd5 17. a3 Ra8 18. Rfc1 a5 19. d4 cxd4 20. Bxd4
Qa6 21. Bf1 a4 22. b4 Rac8 23. e3 Rxc2 24. Rxc2 N5f6 25. Bxf6 Nxf6 26. Nd4 Qb6
$1 27. Nxb5 $2 (27. Qc1 $5) 27... Rxd2 $1 28. Rxd2 Qc6 $17 29. f3 Qxf3 30. Bg2
Qxe3+ 31. Rf2 Ng4 32. Qd4 Qe1+ 33. Bf1 (33. Rf1 Qe2 $1 $19) 33... Nxf2 34. Qxf2
Qc1 35. Qb6 Bd5 36. Qd4 g6 37. Qc3 Qb1 38. Nc7 Bg7 39. Qd3 Be4 40. Qd8+ Bf8 41.
Ne8 Bc6 42. Nf6+ Kg7 43. Nxh7 Bxb4 44. axb4 Qxb4 45. Qf6+ Kxh7 46. Qxf7+ Kh6
47. Kf2 Qc5+ 48. Ke1 Qc1+ 49. Kf2 Qc2+ 50. Ke1 Qc3+ 51. Kf2 Qc5+ 52. Ke1 Qa5+
53. Kd1 Qd5+ 54. Ke1 Qa5+ 55. Kd1 Qf5 56. Qxf5 gxf5 57. Kc2 Bd5 58. Kb2 e5 59.
Ka3 Bb3 60. Be2 e4 61. Kb2 Bf7 62. h3 Bb3 {(Abgabezug; 2.42/3.18)} 0-1

[Event "ARM-ch"]
[Site "Yerevan"]
[Date "1995.??.??"]
[Round "2"]
[White "Anastasian, Ashot"]
[Black "Yegiazarian, Arsen"]
[Result "1-0"]
[WhiteElo "2520"]
[BlackElo "2460"]
[Annotator "Ribli,Z"]
[PlyCount "55"]
[EventDate "1995.08.??"]
[EventType "tourn"]
[EventRounds "11"]
[EventCountry "ARM"]
[EventCategory "10"]
[SourceTitle "CBM 050"]
[Source "ChessBase"]
[SourceDate "1996.02.01"]
[SourceVersion "1"]
[SourceVersionDate "1996.02.01"]
[SourceQuality "1"]

1. c4 e6 2. g3 d5 3. Bg2 Nf6 4. Nf3 dxc4 5. Qa4+ Nbd7 6. Qxc4 c5 7. O-O (7. Qb3
$5) (7. d3 $5) 7... Be7 $6 (7... b6 $1 {Nur dieser Zug gibt Schwarz
ausgegliechene Moeglichkeiten.} 8. b4 (8. Nd4 Ne5 $1 9. Qc2 Rb8 10. Nc6 Nxc6
11. Bxc6+ Bd7 $10 {Bagirov,V-Kiselev,S/Podolsk/1992/CBM33/}) (8. b3 Bb7 9. Bb2
Be7 $10) 8... Bb7 9. bxc5 Bxc5 10. Bb2 O-O 11. Qh4 Be7 12. Nc3 Rc8 $10 {
Weiss,C-Sommerbauer,N/AUT-chT/9495/EXP45/}) 8. Rd1 {Weiss will d4 durchsetzen.}
a6 9. Qc2 (9. d4 b5 10. Qc2 Bb7 $10) 9... e5 (9... b5 10. Ne5 Nd5 11. Nc6 $14)
(9... O-O 10. d4 $14) 10. Nc3 O-O 11. e3 $1 {Der Nachziehende kann den Zug d4
nicht mehr verhindern, dann hat Weiss sein erstes Ziel erreicht.} Qc7 12. d4
Rb8 (12... cxd4 13. exd4 exd4 14. Nxd4 $16) (12... Rd8 $5) 13. dxe5 Nxe5 14.
Nxe5 Qxe5 15. e4 $1 {Droht /\ Bf4. Jetzt gewinnt Weiss eine wichtige Tempi.}
Qh5 16. Bf4 Ra8 17. Nd5 $1 {Weiss verbessert seine Stellung thematisch, durch
Raumgewinn.} Nxd5 18. exd5 $1 {Weiss hat einen gefaehrlichen Freibauern auf
der d-Linie und der ganze schwarze Damenfluegel bleibt weiterhin schwach.} Bg4
19. Rd2 $1 Bg5 20. Bxg5 Qxg5 21. d6 $1 {Weiss gewinnt wegen seiner
verschiedenen Drohungen - Bb7 und Rd5 - mindestens einen Bauern.} Rab8 22. f4
Qh5 23. Rd5 Qh6 24. Qxc5 Rbc8 25. Qb4 Rc2 26. Re1 Rd8 (26... Bf3 27. Rd2 $1 (
27. Bxf3 $4 Qxh2+ 28. Kf1 Qf2#) 27... Rxd2 28. Qxd2 Bxg2 29. Kxg2 Rd8 30. Qd5
$1 $18) 27. Qe4 Qe6 (27... Rcc8 28. d7 Bxd7 29. Rxd7 Rxd7 30. Qe8+ Rxe8 31.
Rxe8#) 28. Re5 1-0

[Event "Rostov on Don"]
[Site "Rostov on Don"]
[Date "1993.??.??"]
[Round "?"]
[White "Smyslov, Vassily V"]
[Black "Pushkov, Nikolai"]
[Result "0-1"]
[WhiteElo "2530"]
[BlackElo "2485"]
[Annotator "Ribli,Z"]
[PlyCount "70"]
[EventDate "1993.05.??"]
[EventType "tourn"]
[EventRounds "11"]
[EventCountry "RUS"]
[EventCategory "14"]
[SourceTitle "CBM 036"]
[Source "ChessBase"]
[SourceDate "1993.10.01"]
[SourceVersion "1"]
[SourceVersionDate "1993.10.01"]
[SourceQuality "1"]

1. Nf3 d5 2. c4 e6 3. g3 Nf6 4. Bg2 dxc4 5. Na3 (5. Qa4+ $5 {Salov,V-Oll,L/
Wijk-op/1993/CBM34/56,18/}) 5... Bxa3 6. bxa3 (6. Qa4+ $13 {Azmayparashvili,
Z-Lobron,E/Dortmund-A/1990/CBM18/}) 6... O-O 7. Qc2 a6 8. Bb2 Nbd7 (8... b5 $2
9. Ng5 c6 10. Bxf6 $18) 9. a4 Rb8 $1 10. O-O c5 11. Qxc4 b5 12. axb5 axb5 13.
Qc2 Bb7 14. d3 Qb6 $10 15. a4 b4 16. e4 (16. Nd2 $5 Bxg2 17. Kxg2 Rfc8 18. Nc4
Qc6+ 19. Kg1 $13) 16... Rfd8 17. Nd2 Rbc8 18. Nc4 Qa6 19. f4 Nb6 $1 20. f5 (20.
Bxf6 gxf6 21. Qb2 Nxc4 22. dxc4 Qxc4 23. Qxf6 Qd4+ $17) 20... Nxc4 21. dxc4
exf5 22. Rxf5 Qe6 $1 23. Bxf6 (23. Raf1 Bxe4 (23... Ba6 $13) 24. Bxe4 Nxe4 25.
Rxf7 Nc3 (25... Nf6 $2 26. R1xf6 $1 $18) 26. Bxc3 Qe3+ $10) 23... gxf6 24. Raf1
Ba6 $1 25. Rd5 $2 (25. Rxf6 $5 Qxc4 26. Qf2 $13) 25... Rxd5 26. exd5 (26. cxd5
Qe5 $17) 26... Qe3+ 27. Kh1 b3 28. Qf5 Qe5 $1 29. Qg4+ (29. Qxf6 Qxf6 30. Rxf6
Re8 $19) 29... Kf8 30. d6 Rd8 31. d7 h5 $1 32. Qf3 Bxc4 33. Rd1 Be2 34. Qxb3
Bxd1 35. Qxd1 Rxd7 $1 0-1

[Event "Lazne Bohdanec"]
[Site "Lazne Bohdanec"]
[Date "1997.??.??"]
[Round "9"]
[White "Blatny, Pavel"]
[Black "Stocek, Jiri"]
[Result "1-0"]
[WhiteElo "2540"]
[BlackElo "2450"]
[Annotator "Ribli,Z"]
[PlyCount "56"]
[EventDate "1997.01.??"]
[EventType "tourn"]
[EventRounds "11"]
[EventCountry "CZE"]
[EventCategory "9"]
[SourceTitle "CBM 057"]
[Source "ChessBase"]
[SourceDate "1997.04.01"]
[SourceVersion "1"]
[SourceVersionDate "1997.04.01"]
[SourceQuality "1"]

1. Nf3 Nf6 2. c4 e6 3. g3 a6 4. Bg2 b5 5. Nd4 {Eine Rarität. Mit dem Partiezug
kann Weiß zwar einen Bauern gewinnen, aber das wäre gefährlich für ihn, daher
verfolgt er mit 5.Nd4 weniger hoch gesteckte Ziele.Ribli.} c6 6. cxb5 axb5 7.
O-O (7. Nxb5 $2 cxb5 8. Bxa8 d5 9. a4 Qa5) 7... Qb6 8. Nc2 (8. Nb3 Bb7 9. d4 d6
10. e4 c5 11. dxc5 dxc5 12. Be3 Nbd7 13. N1d2 Be7 $13 {Fulgenzi,B-Rubinetti/
Buenos Aires/1991/}) 8... d5 $13 9. d4 c5 $6 {Die Partiefortsetzung erfolgt -
nach meiner Meinung - zu früh. Es wäre besser, zuerst z.B. 9...Na6 zu spielen
und erst später den Zug c6-c5. Ribli.} 10. dxc5 Bxc5 11. b4 Be7 {Jetzt haben
wir eine asymetrische Stellung, in der Schwarz ein schönes Zentrum hat, aber
der Punkt c5 ist schwach und der weiße Bg2 ist wie ein "Röntgenapparat", der
die Ereignisse auf der Diagonalen h1-a8 kontrolliert.Ribli.} 12. Be3 Qb7 13.
Nd2 $1 {Natürlich strebt der weiße Springer nach b3. Von dort aus kann er die
Stützpunkte a5 oder c5 erreichen. Ribli.} O-O 14. Nb3 Na6 15. a3 Bd7 (15... e5
16. Bg5 (16. Na5 Qd7 17. Bg5 Rd8 18. Ne3 e4 {Diese letzte Variante ist ein
wenig verdächtnig, aber vielleicht trotzdem nicht schlechter als die
Partiefortsetzung. Ribli.}) 16... Be6) 16. Na5 Qc7 17. Nd4 Ng4 $2 (17... e5 18.
Rc1 {ist nach 19.Ndc6 auch unangenehm für Schwarz. Ribli.}) 18. Rc1 Qd6 (18...
Nxe3 $4 19. Rxc7 Nxd1 20. Rxd7 $18) 19. Bd2 Rac8 (19... Ne5 20. Bf4) (19... e5
20. Ndc6) 20. e4 Nf6 (20... e5 21. Ndc6 (21. Nf5 $6 Bxf5 22. exf5 Nf6) (21.
Nxb5 Bxb5 22. Qxg4 f5 $17) (21. Rxc8 $5 Rxc8 22. Nxb5 Bxb5 23. Qxg4 Rc2 24. Rd1
dxe4 (24... d4 $5) 25. Be3 Bd3 26. Bxe4) 21... Bxc6 22. Nxc6 Rxc6 23. Rxc6 Qxc6
24. Qxg4 d4 (24... Qc2 $6 25. Bh6 Bf6 26. exd5)) (20... Rxc1 21. Qxc1 e5 (21...
Rc8 22. Qd1) 22. Ndc6) {[#]} 21. e5 $18 {Nach dieser schönen taktischen Aktion
ist Schwarz verloren. Seine Dame hat keine guten Felder, und materielle
Verluste sind nicht zu vermeiden.Ribli.} Qxe5 22. Nac6 Bxc6 (22... Qd6 23. Bf4
$18) 23. Bf4 Qh5 24. Bf3 Qh3 (24... Qg6 25. Nxc6 Rfe8 $4 (25... Rce8 26. Nxe7+
Rxe7 27. Bd6 $18) 26. Nxe7+) 25. Nxc6 Bd8 (25... Rce8 26. Nxe7+ Rxe7 27. Bd6)
26. Qe2 {Ein schöner stiller Zug. Schwarz kann seinen Pb5 nicht mehr halten,
wodurch seine Stellung auseinanderfällt. Ribli.} Ra8 27. Qxb5 Kh8 28. Qb7 e5 {
Und Schwarz gab gleichzeitig auf. Weiß gewinnt jetzt am einfachsten durch 29.
Qxa8 exf4 30.Qxa6. Ribli.} 1-0

[Event "URS-chT Republics 19th Group1"]
[Site "Azov"]
[Date "1991.??.??"]
[Round "4"]
[White "Martynov, Pavel"]
[Black "Kaiumov, Dmitry D"]
[Result "1/2-1/2"]
[WhiteElo "2465"]
[BlackElo "2405"]
[Annotator "Ribli,Z"]
[PlyCount "79"]
[EventDate "1991.??.??"]
[EventType "team-tourn"]
[EventRounds "5"]
[EventCountry "URS"]
[SourceTitle "EXT 2020"]
[Source "ChessBase"]
[SourceDate "2019.10.17"]
[SourceVersion "1"]
[SourceVersionDate "2019.10.17"]
[SourceQuality "1"]
[WhiteTeam "Leningrad"]
[BlackTeam "Uzbekistan"]
[WhiteTeamCountry "RUS"]
[BlackTeamCountry "UZB"]

1. Nf3 Nf6 2. g3 d5 3. c4 e6 4. Bg2 dxc4 5. Na3 Bxa3 6. bxa3 (6. Qa4+ Bd7 7.
Qxa3 Bc6 8. O-O Nbd7 9. b3 Nb6 10. bxc4 Nxc4 11. Qb4 Nd6 12. Bb2 O-O 13. Rac1
a5 14. Qf4 Re8 15. Qe5 a4 16. d3 Bxf3 17. Bxf3 c6 $15 {Azmayparashvili,
Z-Lobron,E Dortmund-A 1990 CBM/18}) 6... a6 7. a4 b5 8. O-O O-O 9. axb5 axb5
10. a4 c6 11. Bb2 Bb7 12. Qc2 Nbd7 13. Rfb1 Re8 14. Nd4 (14. axb5 cxb5 15. Bxf6
Nxf6 16. Rxa8 Qxa8 17. Rxb5 Bd5 $10) 14... Qb6 15. Bc3 Reb8 16. axb5 Rxa1 17.
Bxa1 cxb5 18. Rxb5 Qc7 19. Bxb7 Rxb7 20. Bc3 Rxb5 21. Nxb5 Qc5 22. Qa4 h5 23.
Qb4 Nd5 24. Qxc5 Nxc5 25. Kf1 Nxc3 26. Nxc3 Kf8 27. e4 Ke7 28. Ke2 Kd6 29. Ke3
Nb3 $1 $10 30. f4 f6 31. Na4 Kc6 32. h3 g6 33. Nc3 Kd6 34. Ne2 e5 35. h4 Ke6
36. fxe5 fxe5 37. Nc3 Kd6 38. Nd5 Na5 39. Ke2 Nc6 40. Ke3 1/2-1/2